| 000 | 00601nam a2200241 a 4500 | ||
|---|---|---|---|
| 999 |
_c5781 _d5781 |
||
| 001 | 5781 | ||
| 003 | BD-JhCC | ||
| 005 | 20171227165652.0 | ||
| 008 | 171221s1967 r |||| || | 000 0 eng d | ||
| 035 | _a(BD-JhCC)5781 | ||
| 040 |
_aBD-JhCC _dBD-JhCC |
||
| 041 | _aeng | ||
| 082 |
_a669.73 _bRIS 1967 |
||
| 100 | _aRiss, M. | ||
| 245 |
_aProduction of Ferroalloys / _cM. Riss, |
||
| 260 |
_aMoscow : _bMir Publishers, _c1967. |
||
| 300 |
_a289 p. : _bill. ; _c22 cm. |
||
| 650 | _aIron alloys | ||
| 650 | _aMetallurgical plants | ||
| 700 | _aKhodorovsky, Y. | ||
| 942 |
_2ddc _cBK |
||